[Event "D14blitz"]
[Site "?"]
[Date "2020.08.27"]
[Round "6.7"]
[White "Garbowska, Maja"]
[Black "Pawicka, Magdalena"]
[Result "0-1"]
[BlackElo "1597"]
[WhiteElo "1220"]
[LiveChessVersion "1.4.4"]

1. e4 {[%clk 0:03:03]} e5 {[%clk 0:03:04]} 2. Nf3 Nc6 3. Bc4 Bc5 4. c3
{[%clk 0:03:05]} Nf6 {[%clk 0:03:08]} 5. d3 {[%clk 0:03:06]} O-O {[%clk 0:03:06]}
6. O-O {[%clk 0:03:05]} d5 {[%clk 0:03:08]} 7. exd5 {[%clk 0:03:01]} Nxd5
{[%clk 0:03:09]} 8. Re1 {[%clk 0:02:56]} Bg4 {[%clk 0:03:09]} 9. Nbd2
{[%clk 0:02:54]} Nb6 {[%clk 0:03:09]} 10. Bb3 {[%clk 0:02:54]} Qxd3
{[%clk 0:02:56]} 11. Bc2 {[%clk 0:02:44]} Qd7 {[%clk 0:02:42]} 12. Ne4
{[%clk 0:02:42]} Qxd1 {[%clk 0:02:32]} 13. Bxd1 {[%clk 0:02:39]} Be7
{[%clk 0:02:21]} 14. Ng3 {[%clk 0:02:27]} f6 {[%clk 0:01:25]} 15. h3
{[%clk 0:01:54]} Be6 {[%clk 0:01:18]} 16. Bc2 {[%clk 0:01:54]} Rad8
{[%clk 0:01:14]} 17. Nf5 {[%clk 0:01:11]} Rfe8 {[%clk 0:00:34]} 18. Nxe7+
{[%clk 0:01:08]} Nxe7 {[%clk 0:00:35]} 19. Be3 {[%clk 0:00:51]} Nc4
{[%clk 0:00:09]} 20. b3 {[%clk 0:00:34]} Na3 {[%clk 0:00:03]} 21. Be4
{[%clk 0:00:24]} c6 {[%clk 0:00:04]} 22. c4 {[%clk 0:00:21]} f5 23. Bb1 Nxb1 24.
Raxb1 {[%clk 0:00:14]} e4 {[%clk 0:00:06]} 25. Nd2 {[%clk 0:00:11]} Bf7
{[%clk 0:00:08]} 26. Rbd1 {[%clk 0:00:07]} Ng6 {[%clk 0:00:09]} 27. Nb1
{[%clk 0:00:07]} f4 {[%clk 0:00:09]} 28. Bxa7 {[%clk 0:00:08]} Rxd1
{[%clk 0:00:09]} 29. Rxd1 {[%clk 0:00:09]} Ra8 {[%clk 0:00:10]} 30. Bc5
{[%clk 0:00:08]} Ne5 {[%clk 0:00:11]} 31. Bd6 {[%clk 0:00:07]} Nd3
{[%clk 0:00:12]} 32. Nc3 {[%clk 0:00:06]} Bg6 {[%clk 0:00:09]} 33. Bc7
{[%clk 0:00:03]} Kf7 {[%clk 0:00:10]} 34. Bb6 {[%clk 0:00:05]} Ra6
{[%clk 0:00:11]} 35. Bd4 {[%clk 0:00:05]} c5 {[%clk 0:00:08]} 36. Bxc5
{[%clk 0:00:03]} Nxc5 37. Rd5 Ne6 {[%clk 0:00:06]} 38. Rd7+ {[%clk 0:00:04]} Kf6
{[%clk 0:00:07]} 39. Nd5+ {[%clk 0:00:05]} Ke5 {[%clk 0:00:07]} 40. Rxb7
{[%clk 0:00:04]} Rxa2 {[%clk 0:00:05]} 41. Nc3 {[%clk 0:00:04]} Ra1+
{[%clk 0:00:06]} 42. Kh2 {[%clk 0:00:05]} e3 {[%clk 0:00:07]} 43. Rb5+
{[%clk 0:00:06]} Kf6 {[%clk 0:00:07]} 44. Nd5+ {[%clk 0:00:07]} Kf7
{[%clk 0:00:07]} 45. fxe3 {[%clk 0:00:08]} fxe3 {[%clk 0:00:06]} 46. Nxe3
{[%clk 0:00:09]} Rc1 {[%clk 0:00:05]} 47. Nd5 {[%clk 0:00:09]} Nd4
{[%clk 0:00:05]} 48. Rb7+ {[%clk 0:00:10]} Ke6 {[%clk 0:00:06]} 49. Re7+
{[%clk 0:00:09]} Kd6 {[%clk 0:00:06]} 50. Rxg7 {[%clk 0:00:09]} Nxb3
{[%clk 0:00:06]} 51. Nb6 {[%clk 0:00:06]} Nd2 {[%clk 0:00:06]} 52. Rd7+
{[%clk 0:00:05]} Kc5 {[%clk 0:00:07]} 53. Rxd2 {[%clk 0:00:06]} Kxb6
{[%clk 0:00:06]} 54. Rd6+ {[%clk 0:00:06]} Kc5 {[%clk 0:00:06]} 55. Rd7
{[%clk 0:00:07]} Rxc4 {[%clk 0:00:07]} 56. Rc7+ {[%clk 0:00:07]} Kd5
{[%clk 0:00:08]} 57. Rd7+ {[%clk 0:00:08]} Ke5 {[%clk 0:00:08]} 58. Re7+
{[%clk 0:00:08]} Kf6 {[%clk 0:00:09]} 59. Ra7 {[%clk 0:00:08]} Rc2
{[%clk 0:00:09]} 60. Ra6+ {[%clk 0:00:09]} Kg7 {[%clk 0:00:10]} 61. Ra7+
{[%clk 0:00:10]} Kh6 {[%clk 0:00:11]} 62. Ra6 {[%clk 0:00:11]} Kg5
{[%clk 0:00:08]} 63. Ra5+ {[%clk 0:00:12]} Kf4 {[%clk 0:00:08]} 64. Ra4+
{[%clk 0:00:13]} Ke3 {[%clk 0:00:09]} 65. Ra3+ {[%clk 0:00:14]} Kf2
{[%clk 0:00:10]} 66. Rf3+ {[%clk 0:00:10]} Ke1 {[%clk 0:00:11]} 67. Re3+
{[%clk 0:00:09]} Kd2 {[%clk 0:00:08]} 68. Rf3 {[%clk 0:00:08]} Kc1
{[%clk 0:00:08]} 69. Rf1+ {[%clk 0:00:09]} Kb2 {[%clk 0:00:09]} 70. Rf4
{[%clk 0:00:07]} Kc3 {[%clk 0:00:08]} 71. Rf3+ {[%clk 0:00:07]} Kd4
{[%clk 0:00:10]} 72. Rf4+ {[%clk 0:00:08]} Ke5 {[%clk 0:00:11]} 73. Ra4
{[%clk 0:00:09]} Be4 {[%clk 0:00:11]} 74. Ra5+ {[%clk 0:00:10]} Kf6
{[%clk 0:00:07]} 75. Ra6+ {[%clk 0:00:11]} Ke7 {[%clk 0:00:05]} 76. Ra7+
{[%clk 0:00:12]} Kf8 {[%clk 0:00:05]} 77. Rd7 {[%clk 0:00:09]} Rxg2+
{[%clk 0:00:06]} 78. Kh1 {[%clk 0:00:09]} Rg7+ {[%clk 0:00:06]} 0-1

[Event "D14blitz"]
[Site "?"]
[Date "2020.08.27"]
[Round "7.1"]
[White "Barwinska, Ewa"]
[Black "Rejniak, Zuzanna"]
[Result "1/2-1/2"]
[BlackElo "1587"]
[WhiteElo "1517"]
[LiveChessVersion "1.4.4"]

1. e4 {[%clk 0:03:02]} c5 {[%clk 0:03:04]} 2. Nf3 {[%clk 0:03:03]} d6
{[%clk 0:03:05]} 3. d4 {[%clk 0:03:05]} cxd4 4. Nxd4 Nf6 {[%clk 0:03:07]} 5. Nc3
a6 6. Bg5 {[%clk 0:03:08]} e6 {[%clk 0:03:10]} 7. f4 {[%clk 0:03:09]} Qb6
{[%clk 0:03:11]} 8. Bxf6 {[%clk 0:02:52]} gxf6 {[%clk 0:03:12]} 9. a3
{[%clk 0:02:51]} Nc6 {[%clk 0:03:06]} 10. Nxc6 {[%clk 0:02:23]} bxc6
{[%clk 0:03:07]} 11. Qc1 {[%clk 0:01:55]} Rb8 {[%clk 0:03:05]} 12. b3
{[%clk 0:01:50]} Qd4 {[%clk 0:03:00]} 13. Qd2 {[%clk 0:01:50]} Qxd2+
{[%clk 0:02:58]} 14. Kxd2 {[%clk 0:01:51]} Bh6 {[%clk 0:02:59]} 15. g3
{[%clk 0:01:46]} d5 {[%clk 0:02:49]} 16. exd5 {[%clk 0:01:40]} cxd5
{[%clk 0:02:49]} 17. Re1 {[%clk 0:01:33]} O-O {[%clk 0:02:43]} 18. Bd3
{[%clk 0:01:04]} Bb7 {[%clk 0:02:43]} 19. Rhf1 {[%clk 0:01:03]} Bg7
{[%clk 0:02:26]} 20. Kc1 {[%clk 0:00:58]} e5 {[%clk 0:02:21]} 21. Na4
{[%clk 0:00:32]} e4 {[%clk 0:02:07]} 22. Be2 {[%clk 0:00:33]} f5 {[%clk 0:01:36]}
23. Nc5 {[%clk 0:00:26]} Rfc8 {[%clk 0:01:25]} 24. Nxb7 {[%clk 0:00:25]} Rxb7
{[%clk 0:01:25]} 25. Bxa6 {[%clk 0:00:25]} Rbc7 {[%clk 0:01:24]} 26. Bxc8
{[%clk 0:00:26]} Rxc8 {[%clk 0:01:25]} 27. a4 {[%clk 0:00:16]} d4
{[%clk 0:01:26]} 28. Kb1 {[%clk 0:00:13]} Rc3 {[%clk 0:01:20]} 29. Rd1
{[%clk 0:00:12]} d3 {[%clk 0:01:21]} 30. cxd3 {[%clk 0:00:10]} Rxb3+
{[%clk 0:01:21]} 31. Kc2 {[%clk 0:00:09]} Rb2+ {[%clk 0:01:22]} 32. Kc1
{[%clk 0:00:10]} exd3 {[%clk 0:00:48]} 33. Rxd3 {[%clk 0:00:11]} Ra2
{[%clk 0:00:49]} 1/2-1/2

[Event "D14blitz"]
[Site "?"]
[Date "2020.08.27"]
[Round "7.2"]
[White "Janikowska, Wiktoria"]
[Black "Giemza, Julia"]
[Result "1-0"]
[BlackElo "1284"]
[WhiteElo "1314"]
[LiveChessVersion "1.4.4"]

1. d4 {[%clk 0:03:02]} Nf6 {[%clk 0:03:03]} 2. Nf3 {[%clk 0:03:03]} g6
{[%clk 0:03:04]} 3. g3 {[%clk 0:03:04]} Bg7 {[%clk 0:03:06]} 4. Bg2
{[%clk 0:03:05]} O-O {[%clk 0:03:06]} 5. O-O {[%clk 0:03:06]} d5 {[%clk 0:03:05]}
6. c3 {[%clk 0:03:04]} e6 {[%clk 0:03:05]} 7. Bf4 {[%clk 0:03:01]} Nbd7
{[%clk 0:03:05]} 8. Nbd2 {[%clk 0:02:56]} c5 {[%clk 0:03:05]} 9. dxc5
{[%clk 0:02:44]} Nxc5 {[%clk 0:03:03]} 10. b4 {[%clk 0:02:44]} Nce4
{[%clk 0:03:00]} 11. Be5 {[%clk 0:02:26]} Nxd2 {[%clk 0:02:50]} 12. Nxd2
{[%clk 0:02:20]} Bd7 {[%clk 0:02:48]} 13. Rc1 {[%clk 0:02:18]} Rc8
{[%clk 0:02:49]} 14. Qb3 {[%clk 0:02:03]} Bb5 {[%clk 0:02:41]} 15. Rfe1
{[%clk 0:02:00]} Qe7 {[%clk 0:02:35]} 16. a4 {[%clk 0:02:00]} Bc6
{[%clk 0:02:30]} 17. b5 {[%clk 0:01:58]} Bd7 {[%clk 0:02:28]} 18. e4
{[%clk 0:01:56]} dxe4 {[%clk 0:02:19]} 19. Nxe4 {[%clk 0:01:55]} Nxe4
{[%clk 0:02:03]} 20. Bxg7 {[%clk 0:01:54]} Kxg7 {[%clk 0:01:48]} 21. Bxe4
{[%clk 0:01:53]} b6 {[%clk 0:01:31]} 22. c4 {[%clk 0:01:35]} f5 {[%clk 0:01:21]}
23. Qc3+ {[%clk 0:01:32]} Qf6 {[%clk 0:01:18]} 24. Bb7 {[%clk 0:01:26]} Rc7
{[%clk 0:01:05]} 25. Qxf6+ {[%clk 0:01:24]} Kxf6 {[%clk 0:01:05]} 26. Bf3
{[%clk 0:01:23]} Rfc8 {[%clk 0:01:05]} 27. Red1 {[%clk 0:01:16]} e5
{[%clk 0:00:55]} 28. Bd5 {[%clk 0:01:17]} Be6 {[%clk 0:00:53]} 29. Rb1
{[%clk 0:01:08]} Rd8 {[%clk 0:00:37]} 30. Bxe6 {[%clk 0:00:54]} Rxd1+
{[%clk 0:00:37]} 31. Rxd1 {[%clk 0:00:55]} Kxe6 {[%clk 0:00:38]} 32. Rc1
{[%clk 0:00:52]} Kd6 {[%clk 0:00:38]} 33. Kf1 {[%clk 0:00:43]} Kc5
{[%clk 0:00:38]} 34. Ke2 {[%clk 0:00:39]} Kb4 {[%clk 0:00:38]} 35. Kd3
{[%clk 0:00:33]} Rd7+ {[%clk 0:00:36]} 36. Ke3 {[%clk 0:00:28]} Rc7
{[%clk 0:00:36]} 37. Kd3 {[%clk 0:00:29]} Kxa4 {[%clk 0:00:33]} 38. Kc3
{[%clk 0:00:29]} 1-0

[Event "D14blitz"]
[Site "?"]
[Date "2020.08.27"]
[Round "7.3"]
[White "Mroz, Lena"]
[Black "Siekanska, Maria"]
[Result "0-1"]
[BlackElo "1530"]
[WhiteElo "1609"]
[LiveChessVersion "1.4.4"]

1. e4 {[%clk 0:03:04]} c5 {[%clk 0:03:03]} 2. Nf3 {[%clk 0:03:05]} e6
{[%clk 0:03:05]} 3. d4 {[%clk 0:03:05]} cxd4 {[%clk 0:03:06]} 4. Nxd4
{[%clk 0:03:06]} Nf6 {[%clk 0:03:07]} 5. Nc3 {[%clk 0:03:05]} d6 {[%clk 0:03:08]}
6. Bb5+ {[%clk 0:02:59]} Bd7 {[%clk 0:03:07]} 7. Bxd7+ {[%clk 0:02:57]} Qxd7
{[%clk 0:03:04]} 8. O-O {[%clk 0:02:55]} Be7 {[%clk 0:03:05]} 9. Be3
{[%clk 0:02:51]} O-O {[%clk 0:03:03]} 10. f4 {[%clk 0:02:50]} Nc6
{[%clk 0:03:02]} 11. Kh1 {[%clk 0:02:39]} a6 {[%clk 0:02:55]} 12. Qe2
{[%clk 0:02:21]} b5 {[%clk 0:02:46]} 13. a3 {[%clk 0:02:22]} Rac8
{[%clk 0:02:30]} 14. Rad1 {[%clk 0:02:18]} Qb7 {[%clk 0:02:23]} 15. Nxc6
{[%clk 0:01:59]} Qxc6 {[%clk 0:02:20]} 16. Bd4 {[%clk 0:01:59]} Rfd8
{[%clk 0:02:04]} 17. Rfe1 {[%clk 0:01:52]} h6 {[%clk 0:01:31]} 18. Rd2
{[%clk 0:01:02]} Nd7 {[%clk 0:01:05]} 19. Qg4 {[%clk 0:00:43]} e5
{[%clk 0:00:45]} 20. Be3 {[%clk 0:00:38]} Nf6 {[%clk 0:00:42]} 21. Qf3
{[%clk 0:00:37]} Rd7 {[%clk 0:00:23]} 22. f5 {[%clk 0:00:32]} Rcd8
{[%clk 0:00:16]} 23. Red1 {[%clk 0:00:33]} a5 {[%clk 0:00:14]} 24. Bf2
{[%clk 0:00:18]} b4 {[%clk 0:00:15]} 25. axb4 {[%clk 0:00:18]} axb4
{[%clk 0:00:16]} 26. Nd5 {[%clk 0:00:14]} Nxd5 27. exd5 {[%clk 0:00:10]} Qb5
{[%clk 0:00:16]} 28. Qe4 {[%clk 0:00:11]} Bg5 {[%clk 0:00:15]} 29. Rd3
{[%clk 0:00:12]} Rc8 {[%clk 0:00:13]} 30. c3 {[%clk 0:00:13]} bxc3 31. bxc3 Rdc7
{[%clk 0:00:16]} 32. Be1 {[%clk 0:00:12]} Rc4 {[%clk 0:00:12]} 33. Qf3
{[%clk 0:00:13]} e4 {[%clk 0:00:13]} 34. Qe2 {[%clk 0:00:08]} exd3
{[%clk 0:00:14]} 35. Qxd3 {[%clk 0:00:09]} R4c5 {[%clk 0:00:14]} 36. Qe4
{[%clk 0:00:06]} Bf6 {[%clk 0:00:15]} 37. Bf2 {[%clk 0:00:07]} Rxc3
{[%clk 0:00:16]} 38. Qe1 {[%clk 0:00:07]} Qb2 {[%clk 0:00:13]} 39. h3 Rc1 40. Kh2
{[%clk 0:00:07]} Rxd1 {[%clk 0:00:16]} 41. Qxd1 {[%clk 0:00:08]} Qxf2
{[%clk 0:00:17]} 0-1

[Event "D14blitz"]
[Site "?"]
[Date "2020.08.27"]
[Round "7.4"]
[White "Pawicka, Magdalena"]
[Black "Tokarz, Izabela"]
[Result "0-1"]
[BlackElo "1504"]
[WhiteElo "1597"]
[LiveChessVersion "1.4.4"]

1. e4 {[%clk 0:03:04]} c5 {[%clk 0:03:04]} 2. Nf3 {[%clk 0:03:04]} Nc6
{[%clk 0:03:05]} 3. d4 {[%clk 0:03:05]} cxd4 {[%clk 0:03:06]} 4. Nxd4
{[%clk 0:03:06]} e5 {[%clk 0:03:07]} 5. Nb5 {[%clk 0:03:08]} d6 {[%clk 0:03:08]}
6. c4 {[%clk 0:03:08]} Be6 {[%clk 0:03:09]} 7. Be2 {[%clk 0:02:58]} Be7
{[%clk 0:03:04]} 8. N1c3 {[%clk 0:02:59]} f5 {[%clk 0:03:04]} 9. exf5
{[%clk 0:02:54]} Bxf5 {[%clk 0:03:05]} 10. Bg5 {[%clk 0:02:50]} Nf6
{[%clk 0:02:55]} 11. Bxf6 {[%clk 0:01:58]} gxf6 {[%clk 0:02:56]} 12. Bh5+
{[%clk 0:01:42]} Bg6 {[%clk 0:02:56]} 13. Nd5 {[%clk 0:01:17]} Rc8
{[%clk 0:02:47]} 14. Qg4 {[%clk 0:00:59]} Kf7 {[%clk 0:02:43]} 15. O-O
{[%clk 0:00:40]} a6 {[%clk 0:02:44]} 16. Nbc3 {[%clk 0:00:40]} Nd4
{[%clk 0:02:42]} 17. b3 {[%clk 0:00:25]} f5 {[%clk 0:02:26]} 18. Qh3
{[%clk 0:00:22]} Rg8 {[%clk 0:02:10]} 19. Rad1 {[%clk 0:00:10]} Bf8
{[%clk 0:01:53]} 20. Rfe1 {[%clk 0:00:08]} Qg5 {[%clk 0:01:47]} 21. Bxg6+
{[%clk 0:00:06]} Qxg6 {[%clk 0:01:39]} 22. Kh1 {[%clk 0:00:08]} b5
{[%clk 0:01:14]} 23. cxb5 {[%clk 0:00:07]} axb5 {[%clk 0:01:15]} 24. b4
{[%clk 0:00:06]} Rc4 {[%clk 0:01:05]} 25. Re3 Ne6 {[%clk 0:00:44]} 26. Rg3
{[%clk 0:00:06]} Ng5 {[%clk 0:00:45]} 27. Rxg5 {[%clk 0:00:04]} Qxg5 0-1

[Event "D14blitz"]
[Site "?"]
[Date "2020.08.27"]
[Round "7.5"]
[White "Bukala, Weronika"]
[Black "Obrochta, Lena"]
[Result "0-1"]
[BlackElo "1517"]
[WhiteElo "1251"]
[LiveChessVersion "1.4.4"]

1. d4 d5 2. c4 e6 3. Nc3 Be7 4. Nf3 Nf6 5. Bg5 c6 6. cxd5 exd5 7. e3 O-O 8. Bd3
Nbd7 9. Qc2 Re8 10. O-O Nf8 11. a3 a5 12. Rab1 Ne4 13. Bxe7 Qxe7 14. Bxe4 dxe4
15. Nd2 f5 16. d5 Qh4 17. Nc4 Kh8 18. Nd6 Re7 19. Nxc8 Rxc8 20. d6 Re6 21. Rfd1
Rd8 22. Qb3 b5 23. d7 Qe7 24. Ne2 Rxd7 25. Nf4 Red6 26. Rdc1 g5 27. Ne2 Qe6 28.
Qc2 a4 29. Nd4 Qd5 30. Qc3 Kg8 31. Rd1 c5 32. Nc2 Qxd1+ 33. Rxd1 Rxd1+ 34. Ne1
R7d2 35. Kf1 0-1

[Event "D14blitz"]
[Site "?"]
[Date "2020.08.27"]
[Round "7.6"]
[White "Skolska, Emilia"]
[Black "Kucharska, Helena"]
[Result "1-0"]
[BlackElo "1421"]
[WhiteElo "1355"]
[LiveChessVersion "1.4.4"]

1. e4 {[%clk 0:03:04]} e6 2. d4 d5 3. exd5 exd5 4. Bd3 Bd6 {[%clk 0:03:04]} 5.
Qf3 Ne7 6. Ne2 Be6 7. O-O Nd7 8. Bf4 Nf6 9. h3 h6 10. c3 g5 11. Bxd6 Qxd6 12.
Qxf6 O-O-O 13. Nd2 Qd7 14. Nb3 b6 15. f4 g4 16. f5 gxh3 17. fxe6 fxe6 18. Nf4
hxg2 19. Rf2 Kb8 20. Qxe6 Qe8 21. Re1 Nc6 22. Qxe8 Rhxe8 23. Rxe8 Rxe8 24. Rxg2
Re1+ 25. Kf2 Re8 26. Nxd5 Rf8+ 27. Ke2 Re8+ 28. Kd2 Rf8 29. Rh2 Rh8 30. Ne3 Ne7
31. Nc1 Kc8 32. Ne2 Kd7 33. Rf2 h5 34. Nf5 Nd5 35. c4 Nb4 36. Bb1 a5 37. a3 Na6
38. Neg3 h4 39. Rh2 Rg8 40. Rxh4 Nb8 41. Rh7+ Ke6 42. Ke3 Kf6 43. Rh6+ Kg5 44.
Rh5+ Kg6 45. Kf4 Kf7 46. Rh7+ Kf8 47. Rxc7 Rg6 48. Rc8+ Kf7 49. Rxb8 Ke6 50. d5+
Kd6 51. Rxb6+ Kc5 52. Rxg6 a4 53. Rc6# Kxd5 54. Ke4+ 1-0

[Event "D14blitz"]
[Site "?"]
[Date "2020.08.27"]
[Round "7.7"]
[White "Szopa, Emilia"]
[Black "Starosta, Martyna"]
[Result "0-1"]
[BlackElo "1722"]
[WhiteElo "1241"]
[LiveChessVersion "1.4.4"]

1. e4 {[%clk 0:03:03]} e5 {[%clk 0:03:04]} 2. Nf3 {[%clk 0:03:04]} Nc6
{[%clk 0:03:05]} 3. Bc4 {[%clk 0:03:06]} Nf6 {[%clk 0:03:06]} 4. d3
{[%clk 0:03:07]} Be7 {[%clk 0:03:07]} 5. O-O {[%clk 0:03:07]} O-O
{[%clk 0:03:07]} 6. Bb3 {[%clk 0:03:08]} d5 {[%clk 0:03:07]} 7. exd5
{[%clk 0:03:07]} Nxd5 {[%clk 0:03:09]} 8. Nbd2 {[%clk 0:03:07]} Bg4
{[%clk 0:03:06]} 9. h3 {[%clk 0:03:06]} Bh5 {[%clk 0:03:07]} 10. Re1
{[%clk 0:03:01]} Nb6 {[%clk 0:03:07]} 11. a4 {[%clk 0:02:37]} a5 {[%clk 0:03:06]}
12. Qe2 {[%clk 0:02:16]} Bd6 {[%clk 0:02:56]} 13. c3 {[%clk 0:02:15]} Kh8
{[%clk 0:02:54]} 14. Nf1 {[%clk 0:02:12]} f5 {[%clk 0:02:49]} 15. Ng3
{[%clk 0:02:10]} Bxf3 {[%clk 0:02:49]} 16. Qxf3 {[%clk 0:02:08]} Qd7
{[%clk 0:02:42]} 17. Qh5 {[%clk 0:01:56]} Rae8 {[%clk 0:02:25]} 18. Bg5
{[%clk 0:01:50]} Be7 {[%clk 0:01:42]} 19. Bxe7 {[%clk 0:01:42]} Rxe7
{[%clk 0:01:43]} 20. Rad1 {[%clk 0:01:40]} Nd8 {[%clk 0:01:12]} 21. d4
{[%clk 0:01:30]} e4 {[%clk 0:01:03]} 22. f3 {[%clk 0:01:09]} e3 {[%clk 0:00:28]}
23. Rd3 {[%clk 0:00:55]} c6 {[%clk 0:00:20]} 24. Qh4 {[%clk 0:00:45]} Rfe8
{[%clk 0:00:15]} 25. Ne2 {[%clk 0:00:44]} Nd5 {[%clk 0:00:14]} 26. Bxd5
{[%clk 0:00:40]} Qxd5 {[%clk 0:00:13]} 27. Nf4 {[%clk 0:00:41]} Qd6
{[%clk 0:00:14]} 28. d5 {[%clk 0:00:33]} c5 {[%clk 0:00:15]} 29. c4
{[%clk 0:00:34]} Nf7 {[%clk 0:00:15]} 30. b3 {[%clk 0:00:31]} g5 {[%clk 0:00:14]}
31. Qh5 {[%clk 0:00:29]} Qxf4 {[%clk 0:00:15]} 32. d6 {[%clk 0:00:19]} Nxd6
{[%clk 0:00:16]} 33. Rd5 {[%clk 0:00:13]} e2 {[%clk 0:00:17]} 34. Qh6
{[%clk 0:00:09]} Re6 {[%clk 0:00:18]} 35. Qh5 {[%clk 0:00:10]} Qg3
{[%clk 0:00:16]} 36. Rxf5 {[%clk 0:00:06]} Qxe1+ {[%clk 0:00:15]} 37. Kh2
{[%clk 0:00:07]} Qh4 {[%clk 0:00:13]} 0-1

[Event "D14blitz"]
[Site "?"]
[Date "2020.08.27"]
[Round "8.1"]
[White "Barwinska, Ewa"]
[Black "Janikowska, Wiktoria"]
[Result "1-0"]
[BlackElo "1314"]
[WhiteElo "1517"]
[LiveChessVersion "1.4.4"]

1. e4 {[%clk 0:03:02]} c5 {[%clk 0:03:03]} 2. Nf3 {[%clk 0:03:03]} g6
{[%clk 0:03:03]} 3. c4 {[%clk 0:03:04]} Nc6 {[%clk 0:03:01]} 4. d4
{[%clk 0:03:04]} cxd4 {[%clk 0:03:01]} 5. Nxd4 {[%clk 0:03:04]} Nf6
{[%clk 0:03:02]} 6. Nc3 {[%clk 0:03:05]} d6 {[%clk 0:03:02]} 7. Be2
{[%clk 0:03:01]} Bg7 {[%clk 0:02:59]} 8. Nc2 {[%clk 0:03:01]} O-O
{[%clk 0:02:55]} 9. Be3 {[%clk 0:03:01]} a6 {[%clk 0:02:51]} 10. O-O
{[%clk 0:03:00]} Qc7 {[%clk 0:02:47]} 11. f3 {[%clk 0:03:00]} Ne5
{[%clk 0:02:35]} 12. b3 {[%clk 0:03:00]} Bd7 {[%clk 0:02:29]} 13. Rc1
{[%clk 0:02:56]} Rac8 {[%clk 0:02:01]} 14. Qd2 {[%clk 0:02:48]} Rfd8
{[%clk 0:01:55]} 15. Rfd1 {[%clk 0:02:34]} Bc6 {[%clk 0:01:37]} 16. Bf1
{[%clk 0:02:04]} Qd7 {[%clk 0:01:30]} 17. Bb6 {[%clk 0:01:59]} Re8
{[%clk 0:01:28]} 18. Qf2 {[%clk 0:01:54]} Qe6 {[%clk 0:01:16]} 19. Be3
{[%clk 0:01:34]} Ned7 {[%clk 0:01:04]} 20. Bf4 {[%clk 0:01:00]} Nh5
{[%clk 0:00:54]} 21. Bd2 {[%clk 0:01:01]} Nc5 {[%clk 0:00:49]} 22. b4
{[%clk 0:00:55]} Nd7 {[%clk 0:00:45]} 23. Nd4 {[%clk 0:00:41]} Qf6
{[%clk 0:00:41]} 24. Be3 {[%clk 0:00:39]} e5 {[%clk 0:00:41]} 25. Nxc6
{[%clk 0:00:36]} bxc6 {[%clk 0:00:40]} 26. Qd2 {[%clk 0:00:29]} Bf8
{[%clk 0:00:32]} 27. a3 {[%clk 0:00:29]} c5 {[%clk 0:00:30]} 28. b5
{[%clk 0:00:29]} axb5 {[%clk 0:00:29]} 29. Nxb5 {[%clk 0:00:26]} Rc6
{[%clk 0:00:29]} 30. Nc3 {[%clk 0:00:23]} Nb6 {[%clk 0:00:28]} 31. a4
{[%clk 0:00:22]} Ra8 {[%clk 0:00:27]} 32. Ra1 {[%clk 0:00:22]} Ra7
{[%clk 0:00:22]} 33. a5 {[%clk 0:00:22]} Nd7 {[%clk 0:00:21]} 34. Nb5
{[%clk 0:00:18]} Raa6 {[%clk 0:00:19]} 35. Nc3 {[%clk 0:00:16]} Qd8
{[%clk 0:00:16]} 36. Nd5 {[%clk 0:00:16]} Nhf6 {[%clk 0:00:14]} 37. Bg5
{[%clk 0:00:14]} Qa8 {[%clk 0:00:11]} 38. Nxf6+ {[%clk 0:00:14]} Nxf6
{[%clk 0:00:11]} 39. Bxf6 {[%clk 0:00:15]} d5 {[%clk 0:00:12]} 40. Bxe5
{[%clk 0:00:14]} d4 {[%clk 0:00:12]} 41. Bf4 {[%clk 0:00:13]} Bg7
{[%clk 0:00:09]} 42. Bd3 {[%clk 0:00:14]} Ra7 {[%clk 0:00:09]} 43. h3
{[%clk 0:00:11]} Rca6 {[%clk 0:00:10]} 44. Rdb1 {[%clk 0:00:10]} Bf8
{[%clk 0:00:09]} 45. Rb8 {[%clk 0:00:09]} Qc6 {[%clk 0:00:09]} 46. Bh6
{[%clk 0:00:08]} Ra8 {[%clk 0:00:10]} 47. Rxf8+ {[%clk 0:00:08]} Rxf8
{[%clk 0:00:10]} 48. Bxf8 {[%clk 0:00:09]} Kxf8 {[%clk 0:00:11]} 49. Qh6+
{[%clk 0:00:09]} Ke7 {[%clk 0:00:12]} 50. Qxh7 {[%clk 0:00:07]} Qc7
{[%clk 0:00:10]} 51. Qh4+ {[%clk 0:00:08]} Kf8 {[%clk 0:00:10]} 52. Qg5
{[%clk 0:00:07]} Rxa5 {[%clk 0:00:09]} 53. Rb1 {[%clk 0:00:05]} Qa7
{[%clk 0:00:08]} 54. Qd8+ {[%clk 0:00:05]} Kg7 {[%clk 0:00:09]} 55. Qb6
{[%clk 0:00:05]} Qa8 {[%clk 0:00:08]} 56. Qb7 {[%clk 0:00:05]} Qd8
{[%clk 0:00:07]} 57. Kh1 {[%clk 0:00:04]} Ra2 {[%clk 0:00:03]} 58. Qd5
{[%clk 0:00:04]} Qa5 {[%clk 0:00:00]} 1-0

[Event "D14blitz"]
[Site "?"]
[Date "2020.08.27"]
[Round "8.2"]
[White "Rejniak, Zuzanna"]
[Black "Siekanska, Maria"]
[Result "1/2-1/2"]
[BlackElo "1530"]
[WhiteElo "1587"]
[LiveChessVersion "1.4.4"]

1. e4 {[%clk 0:03:04]} c5 {[%clk 0:03:04]} 2. Nf3 e6 3. d4 {[%clk 0:03:06]} cxd4
{[%clk 0:03:06]} 4. Nxd4 {[%clk 0:03:07]} Nf6 {[%clk 0:03:07]} 5. Nc3
{[%clk 0:03:08]} d6 {[%clk 0:03:08]} 6. Be3 {[%clk 0:03:06]} Be7 {[%clk 0:03:09]}
7. f3 {[%clk 0:03:07]} O-O {[%clk 0:03:09]} 8. Qd2 {[%clk 0:03:08]} Nc6
{[%clk 0:03:10]} 9. O-O-O {[%clk 0:03:08]} a6 {[%clk 0:03:12]} 10. g4
{[%clk 0:03:08]} Nxd4 {[%clk 0:03:12]} 11. Bxd4 {[%clk 0:02:58]} b5
{[%clk 0:03:13]} 12. g5 {[%clk 0:02:19]} Nd7 {[%clk 0:03:14]} 13. h4
{[%clk 0:02:19]} Bb7 {[%clk 0:03:14]} 14. Bg2 {[%clk 0:01:22]} Rc8
{[%clk 0:03:08]} 15. Kb1 {[%clk 0:01:23]} b4 {[%clk 0:03:05]} 16. Ne2
{[%clk 0:01:24]} Ne5 {[%clk 0:02:59]} 17. Qxb4 {[%clk 0:01:10]} Qc7
{[%clk 0:02:47]} 18. Bc3 {[%clk 0:00:36]} Nc6 {[%clk 0:02:10]} 19. Qc4
{[%clk 0:00:28]} Qb8 {[%clk 0:01:45]} 20. Qd3 {[%clk 0:00:25]} a5
{[%clk 0:01:39]} 21. f4 {[%clk 0:00:21]} Qa7 {[%clk 0:01:27]} 22. f5
{[%clk 0:00:17]} Ne5 {[%clk 0:01:17]} 23. Qg3 {[%clk 0:00:15]} exf5
{[%clk 0:01:13]} 24. exf5 {[%clk 0:00:16]} Bxg2 {[%clk 0:01:14]} 25. Qxg2
{[%clk 0:00:17]} Qb6 {[%clk 0:01:09]} 26. f6 {[%clk 0:00:17]} Bd8
{[%clk 0:01:10]} 27. fxg7 {[%clk 0:00:16]} Re8 {[%clk 0:01:09]} 28. Nf4
{[%clk 0:00:10]} Nc4 {[%clk 0:00:58]} 29. Nd5 {[%clk 0:00:09]} Qb5
{[%clk 0:00:55]} 30. Nf6+ {[%clk 0:00:07]} Bxf6 {[%clk 0:00:56]} 31. gxf6
{[%clk 0:00:08]} Ne3 {[%clk 0:00:53]} 32. Qg5 {[%clk 0:00:05]} Qxg5
{[%clk 0:00:47]} 33. hxg5 {[%clk 0:00:06]} Nxd1 {[%clk 0:00:48]} 34. Rxd1
{[%clk 0:00:07]} Rc6 {[%clk 0:00:41]} 35. Bxa5 {[%clk 0:00:08]} Re5
{[%clk 0:00:42]} 36. Bd2 {[%clk 0:00:08]} d5 {[%clk 0:00:37]} 37. b3
{[%clk 0:00:07]} d4 {[%clk 0:00:35]} 38. Bc1 {[%clk 0:00:07]} Re2
{[%clk 0:00:35]} 39. Rd2 {[%clk 0:00:07]} Re4 {[%clk 0:00:32]} 40. a4
{[%clk 0:00:06]} h6 {[%clk 0:00:27]} 41. gxh6 {[%clk 0:00:06]} Rxf6
{[%clk 0:00:28]} 42. Rh2 {[%clk 0:00:07]} Kh7 {[%clk 0:00:27]} 43. Bg5
{[%clk 0:00:05]} Rg6 {[%clk 0:00:28]} 44. Bc1 {[%clk 0:00:05]} f5
{[%clk 0:00:26]} 45. a5 {[%clk 0:00:06]} Re5 {[%clk 0:00:26]} 46. Bd2
{[%clk 0:00:06]} Rb5 {[%clk 0:00:25]} 47. b4 {[%clk 0:00:07]} Rg4
{[%clk 0:00:24]} 48. Rh5 {[%clk 0:00:06]} Rg1+ {[%clk 0:00:18]} 49. Kb2 Rg2 50.
Kc1 {[%clk 0:00:08]} Rg1+ {[%clk 0:00:18]} 51. Kb2 {[%clk 0:00:09]} Rg2
{[%clk 0:00:19]} 52. Kc1 {[%clk 0:00:10]} Rg1+ {[%clk 0:00:13]} 53. Kb2
{[%clk 0:00:12]} Rg2 {[%clk 0:00:11]} 54. Kc1 {[%clk 0:00:12]} Rg1+
{[%clk 0:00:12]} 1/2-1/2